00348nam a2200121Ia 4500008004100000082001800041100001700059245006600076250000800142260004900150300001000199650001700209150201s1990 xx 000 0 und d a617.6bL1990B aBONONI, S.R. aMONHEIMS LOCAL ANESTHESIA AND PAIN CONTROL IN DENTAL PRACTICE a7TH bC.B.S PUBLISHERS & DISTRIBUTERSaDELHIc1990 a1-404 aORAL SURGERY